| 000 | 01479nam a2200349 a 4500 | ||
|---|---|---|---|
| 005 | 20160906102200.0 | ||
| 008 | 140220b1996 mx |||||r|||| 00| 0 eng d | ||
| 020 | _a0642244294 | ||
| 040 |
_aCO-BoIAVH _cCO-BoIAVH |
||
| 041 | 0 | _aeng | |
| 044 | _amx | ||
| 082 | 0 | 4 |
_a333.9516 _bY68r |
| 100 | 1 |
_aYoung, M.D. _eautor |
|
| 245 | 1 | 0 |
_aReimbursing the future : _ban evaluation of motivational, voluntary, price-based, property-right and regulatory incentives for the conservation of biodiversity _cM. D. Young [y otros 6] |
| 260 |
_aMéxico : _bCommonwealth of Australia, _c1996. |
||
| 300 |
_a2 volúmenes ; _c30 cm. |
||
| 490 | 0 |
_aBiodiversity series ; _vPaper No. 9 |
|
| 505 | 0 | _aVol. 1: A report to the biodiversity unit of the departament of the environment, spot and territories | |
| 505 | 0 | _aVol. 2: Part 2-appendicess | |
| 650 | 2 | 6 |
_aConservación de la diversidad biológica _zAustralia |
| 650 | 2 | 6 |
_aPolítica ambiental _zAustralia |
| 650 | 2 | 6 |
_aConservación de la diversidad biológica _xIncentivos _zAustralia |
| 650 | 2 | 6 |
_aConservación de la diversidad biológica _vEstudios de caso _zAustralia |
| 650 | 2 | 6 |
_aConservación de la naturaleza _zAustralia |
| 700 | 1 |
_aGunnigham, N. _eautor |
|
| 700 | 1 |
_aElix, J. _eautor |
|
| 700 | 1 |
_aLambert, J. _eautor |
|
| 700 | 1 |
_aHoward, B. _eautor |
|
| 700 | 1 |
_aGrabosky, P. _eautor |
|
| 700 | 1 |
_aMcCrone, E. _eautor |
|
| 942 |
_cLIBRO _2ddc |
||
| 999 |
_c362 _d362 |
||